000 00441nam a2200181Ia 4500
001 10407
005 20260306161830.0
008 260306t1976||||xx |||||||||||||| ||spa||
041 _aESP
082 _a923.254
_bP32 T. 2
100 _aPayne, Robert
_eAUT
245 0 _aGandhi:
_bIndia: el triunfo de la no violencia (1926-1949)
260 _c1976
300 _a
_c17 cm.
650 _aGEN
654 _aCHU
942 _cLIB
_dJUS
_fJUS
_2ddc
_n
999 _c10407
_d10407